| 000 | 01571nam a22003497a 4500 | ||
|---|---|---|---|
| 003 | NALT | ||
| 005 | 20220401110707.0 | ||
| 008 | s2549 th tha d | ||
| 020 | _a9749410599 | ||
| 040 | _aNALT | ||
| 041 | _atha | ||
| 050 |
_aTK 5105.884 _bน169อ 2549 |
||
| 100 | 0 |
_aนพดล อินนา _957529 |
|
| 245 | 1 | 0 |
_aไอทีกับการเมืองไทย / _cนพดล อินนา. |
| 260 |
_aกรุงเทพฯ : _bจามจุรีโปรดักท์, _c2549 |
||
| 300 |
_a346 หน้า : _bภาพประกอบ, ตาราง ; _c26 ซม. |
||
| 500 | _aหนังสือที่น่าสนใจสำหรับสมาชิกรัฐสภา | ||
| 650 | 0 | 4 | _aอินเตอร์เน็ต -- อิทธิพลต่อการเมือง |
| 650 | 0 | 4 | _aเทคโนโลยีกับการเมือง |
| 650 | 0 | 4 | _aโดเมนเนม |
| 650 | 0 | 4 | _aเว็บไซต์การเมือง |
| 650 | 0 | 4 | _aบัตรเครดิต |
| 650 | 0 | 4 | _aE--Security |
| 650 | 0 | 4 | _aข้อมูล -- การรักษาความปลอดภัย |
| 650 | 0 | 4 | _aไวรัส (คอมพิวเตอร์) |
| 650 | 0 | 4 | _aสื่อมวลชนกับการเมือง |
| 650 | 0 | 4 | _aอินเตอร์เน็ต |
| 650 | 0 | 4 | _aเว็บไซต์ |
| 650 | 0 | 4 | _aพาณิชย์อิเล็กทรอนิกส์ |
| 850 | _aNALT | ||
| 942 |
_cGB _2lcc |
||
| 999 |
_c47281 _d47281 |
||
| 998 |
_j109 _k อารีรัตน์ วิชาช่าง |
||